Statistics for The Names of God

Click here to take the quiz!

General Stats

  • This quiz has been taken 6 times
  • The average score is 6 of 14

Answer Stats

HintAnswer% Correct
Lord,MasterAdonai
100%
God, the CreatorElohim
100%
The Self-Existent OneJehovah
100%
The Most High GodEl Elyon
33%
The God who seesEl Roi
33%
Lord God AlmightyEl Shaddai
33%
The Lord will provideJehovah Jireh
33%
The Lord my BannerJehovah Nissi
33%
The Lord that healsJehovah Rapha
33%
The Lord my ShepherdJehovah Rohi
33%
The Lord of HostsJehovah Sabaoth
33%
The Lord is PeaceJehovah Shalom
33%
The Lord is thereJehovah Shammah
33%
The Everlasting GodEl Olam
0%

Score Distribution

Percentile by Number Answered

Percent of People with Each Score

Your Score History

You have not taken this quiz